|
|
|
|
| LEADER |
00000nam a2200000 i 4500 |
| 001 |
DIGUCAUCA0133 |
| 003 |
NyNyDIG |
| 006 |
m o d |
| 007 |
cr ||||||||||| |
| 008 |
231007s2022 ck ab ob 001 0 spa d |
| 035 |
|
|
|a (OCoLC)1394973251
|
| 040 |
|
|
|a DGITA
|b eng
|e rda
|e pn
|c DGITA
|
| 020 |
|
|
|a 9789587325201
|q digital
|
| 020 |
|
|
|z 9789587325195
|q impreso
|
| 043 |
|
|
|a s-ck---
|
| 050 |
1 |
4 |
|a HV640.4.C7 ebook
|
| 100 |
1 |
|
|a Ortega, Francisco Javier,
|d 1979-
|e author.
|
| 245 |
1 |
0 |
|a Crítica a los ejercicios de la representación :
|b el "otro" desplazado en Colombia y su capacidad de agencia /
|c Francisco Javier Ortega.
|
| 250 |
|
|
|a Primera edición en castellano.
|
| 264 |
|
1 |
|a Popayán, Colombia :
|b Editorial Universidad del Cauca,
|c 2022.
|
| 300 |
|
|
|a 1 online resource :
|b illustrations, maps.
|
| 336 |
|
|
|a text
|b txt
|2 rdacontent
|
| 337 |
|
|
|a computer file
|b c
|2 rdamedia
|
| 338 |
|
|
|a online resource
|b cr
|2 rdacarrier
|
| 347 |
|
|
|a text file
|2 rdaft
|
| 347 |
|
|
|b PDF
|
| 500 |
|
|
|a "Convocatoria 2020"--Cover.
|
| 504 |
|
|
|a Includes bibliographical references and Index.
|
| 588 |
0 |
|
|a Online resource; title from PDF title page (Digitalia, viewed October 7, 2023)
|
| 650 |
|
0 |
|a Refugees
|z Colombia
|x Social history
|y 21th century.
|
| 650 |
|
0 |
|a Refugees
|x Legal status, laws, etc
|z Colombia.
|
| 650 |
|
0 |
|a Refugees
|x Research.
|
| 651 |
|
0 |
|a Popayán (Colombia)
|x Social history
|y 21th century.
|
| 776 |
0 |
8 |
|i Print version:
|a Ortega, Francisco Javier, 1979-
|t Crítica a los ejercicios de la representación.
|b Primera edición en castellano.
|d Popayán, Colombia : Editorial Universidad del Cauca, 2022
|z 9789587325195
|
| 791 |
2 |
|
|a Digitalia (Firm),
|e distributor.
|
| 793 |
0 |
|
|g Digitalia eBook Collection:
|a Universidad del Cauca
|
| 856 |
4 |
0 |
|3 Digitalia Hispánica
|u https://www.digitaliapublishing.com/a/129848/
|
| 910 |
|
|
|a Premium collection: 2023
|